00367nam a2200157 a 450000100060000000300090000600800410001502000150005604000280007108200150009910000180011424500140013226000330014630000110017965000190019019741CO-ViMGA141112s2004 ck r 000 u spa d a8420424886 aCO-ViMGAbspacCO-ViMGA04a830.3 G71r1 aGrass, Gunter10aLa Ratesa aMadrid : bAlfaguara, c1988 a443 p.14aNOVELA ALEMANA